[Event "Montreal-B"]
[Site "Montreal CAN"]
[Date "2004.08.08"]
[Round "5"]
[White "Garcia, Gildardo"]
[Black "Arencibia Rodriguez, Walter"]
[Result "1/2-1/2"]
[WhiteElo "2461"]
[BlackElo "2531"]
[PlyCount "116"]
[GameId "2160767911086490"]
[EventDate "2004.08.04"]
[EventType "tourn"]
[EventRounds "11"]
[EventCountry "CAN"]
[EventCategory "8"]
[SourceTitle "CBM 101 Extra"]
[Source "ChessBase"]
[SourceDate "2004.09.01"]
[SourceVersion "2"]
[SourceVersionDate "2004.09.01"]
[SourceQuality "1"]

1. e4 e5 2. Nf3 Nc6 3. Bb5 a6 4. Ba4 Nf6 5. O-O Be7 6. Re1 b5 7. Bb3 d6 8. c3 O-O 9. h3 Na5 10. Bc2 c5 11. d4 Nd7 12. Nbd2 exd4 13. cxd4 Nc6 14. d5 Nce5 15. Nh2 Bg5 16. Ndf1 Bxc1 17. Rxc1 c4 18. f4 Ng6 19. Qd2 Qf6 20. f5 Nge5 21. Ne3 h5 22. Qe2 Qg5 23. Kh1 Re8 24. Nf3 Qh6 25. Rcd1 Nf6 26. Nxe5 Rxe5 27. Qf3 Bd7 28. Kg1 Rae8 29. Rd4 Qg5 30. g3 h4 31. g4 Nh7 32. Ng2 Qd8 33. Kh2 g5 34. b3 cxb3 35. axb3 Qb6 36. Qe3 Rc8 37. Re2 Ree8 38. b4 a5 39. bxa5 Qxa5 40. Ne1 Rc3 41. Rd3 Rc4 42. Ra3 Qd8 43. Bd3 Ra4 44. Rb3 Qf6 45. Nf3 b4 46. Qb6 Rc8 47. Rxb4 Ra3 48. Rb3 Rc3 49. Rxa3 Rxa3 50. e5 dxe5 51. Qb8+ Kg7 52. Nxe5 Ba4 53. d6 Nf8 54. Bc4 Nd7 55. Nxd7 Rxh3+ 56. Kxh3 Qc3+ 57. Kg2 Bc6+ 58. Kf1 Qc1+ 1/2-1/2

[Event "Montreal-B"]
[Site "Montreal CAN"]
[Date "2004.08.08"]
[Round "5"]
[White "Krnan, Tomas"]
[Black "Teplitsky, Yan"]
[Result "1/2-1/2"]
[WhiteElo "2331"]
[BlackElo "2440"]
[PlyCount "70"]
[GameId "2160767911094683"]
[EventDate "2004.08.04"]
[EventType "tourn"]
[EventRounds "11"]
[EventCountry "CAN"]
[EventCategory "8"]
[SourceTitle "CBM 101 Extra"]
[Source "ChessBase"]
[SourceDate "2004.09.01"]
[SourceVersion "2"]
[SourceVersionDate "2004.09.01"]
[SourceQuality "1"]

1. e4 c5 2. Nf3 d6 3. d4 cxd4 4. Nxd4 Nf6 5. Nc3 a6 6. Be2 e6 7. O-O Be7 8. Be3 O-O 9. f4 Nc6 10. a4 Qc7 11. Nxc6 bxc6 12. a5 c5 13. f5 exf5 14. exf5 Bb7 15. Bf3 d5 16. Nxd5 Bxd5 17. Bxd5 Rad8 18. c4 Bd6 19. h3 Bh2+ 20. Kh1 Be5 21. Qf3 Bxb2 22. Rab1 Nxd5 23. cxd5 Bd4 24. Bxd4 cxd4 25. f6 g6 26. Rb6 Qc4 27. Qf4 Kh8 28. d6 Qe2 29. Qf2 Qe5 30. Rxa6 Rxd6 31. Rxd6 Qxd6 32. Ra1 Ra8 33. a6 Rxa6 34. Rxa6 Qxa6 35. Qxd4 Qc8 1/2-1/2

[Event "Montreal-B"]
[Site "Montreal CAN"]
[Date "2004.08.08"]
[Round "5"]
[White "Stripunsky, Alexander"]
[Black "Mikhalevski, Victor"]
[Result "1-0"]
[WhiteElo "2553"]
[BlackElo "2551"]
[PlyCount "71"]
[GameId "2160767911094685"]
[EventDate "2004.08.04"]
[EventType "tourn"]
[EventRounds "11"]
[EventCountry "CAN"]
[EventCategory "8"]
[SourceTitle "CBM 101 Extra"]
[Source "ChessBase"]
[SourceDate "2004.09.01"]
[SourceVersion "2"]
[SourceVersionDate "2004.09.01"]
[SourceQuality "1"]

1. Nf3 Nf6 2. b3 d5 3. Bb2 c5 4. e3 Nc6 5. Bb5 Bd7 6. O-O a6 7. Be2 Bg4 8. c4 e6 9. cxd5 Nxd5 10. h3 Bh5 11. Nc3 Nxc3 12. Bxc3 f6 13. d4 cxd4 14. Nxd4 Bxe2 15. Qxe2 Nxd4 16. Bxd4 Rc8 17. Qh5+ g6 18. Qf3 e5 19. Bb2 Rc6 20. Rac1 Qd7 21. Qe2 Be7 22. Rxc6 Qxc6 23. Rc1 Qd7 24. Qc4 Rf8 25. f4 exf4 26. exf4 Rf7 27. Bd4 Bd6 28. Qd5 Bxf4 29. Qe4+ Be5 30. Bxe5 Qe6 31. Qa4+ b5 32. Qe4 fxe5 33. Qa8+ Ke7 34. Rc7+ Kf6 35. Rc6 Re7 36. Qxa6 1-0

[Event "Montreal-B"]
[Site "Montreal CAN"]
[Date "2004.08.08"]
[Round "5"]
[White "Tseitlin, Mark D"]
[Black "Lawson, Eric"]
[Result "0-1"]
[WhiteElo "2484"]
[BlackElo "2276"]
[PlyCount "144"]
[GameId "2160767911094686"]
[EventDate "2004.08.04"]
[EventType "tourn"]
[EventRounds "11"]
[EventCountry "CAN"]
[EventCategory "8"]
[SourceTitle "CBM 101 Extra"]
[Source "ChessBase"]
[SourceDate "2004.09.01"]
[SourceVersion "2"]
[SourceVersionDate "2004.09.01"]
[SourceQuality "1"]

1. e4 c5 2. Nf3 Nc6 3. Bb5 g6 4. O-O Bg7 5. c3 Nf6 6. Re1 O-O 7. h3 Qb6 8. Na3 d5 9. e5 Ne8 10. d4 cxd4 11. cxd4 Nc7 12. Bxc6 bxc6 13. Nc2 Bf5 14. Ne3 Be4 15. Nh2 c5 16. dxc5 Qxc5 17. Bd2 Bxe5 18. f3 Bd3 19. Rc1 Qd6 20. Nhg4 Bxb2 21. Rxc7 Qxc7 22. Qb3 Bg7 23. Qxd3 Rad8 24. Kh1 e6 25. Qa3 Rd7 26. Qa4 f5 27. Nf2 e5 28. Rc1 Qd8 29. Nd3 d4 30. Nc4 e4 31. Nf4 Re8 32. Ba5 Qc8 33. Qa3 Bf8 34. Qb3 Qb8 35. Nb6+ Rf7 36. Nbd5 Qxb3 37. axb3 g5 38. Nh5 Re5 39. Nhf6+ Rxf6 40. Nxf6+ Kf7 41. Nxh7 Rxa5 42. Nxg5+ Kf6 43. h4 e3 44. f4 d3 45. Rc6+ Kg7 46. h5 Kh8 47. Rc8 Kg8 48. h6 e2 49. h7+ Kg7 50. Rc7+ Kh8 51. Nf7+ Kxh7 52. Ne5+ Kg8 53. Nxd3 Ra1+ 54. Kh2 Rd1 55. Rc2 Rxd3 56. Rxe2 Bd6 57. g3 Rxb3 58. Ra2 Bc5 59. Ra5 Rc3 60. Ra2 Kf7 61. Kh3 Ke6 62. Kh4 Be7+ 63. Kh3 Ba3 64. Re2+ Kf6 65. Re8 Rc7 66. Ra8 Bb4 67. Rg8 Bd6 68. Ra8 Rb7 69. Rh8 Rf7 70. Rh6+ Ke7 71. Rh8 Kd7 72. Kh4 Bf8 0-1

[Event "Montreal-B"]
[Site "Montreal CAN"]
[Date "2004.08.09"]
[Round "6"]
[White "Arencibia Rodriguez, Walter"]
[Black "Krnan, Tomas"]
[Result "1/2-1/2"]
[WhiteElo "2531"]
[BlackElo "2331"]
[PlyCount "49"]
[GameId "2160767911094687"]
[EventDate "2004.08.04"]
[EventType "tourn"]
[EventRounds "11"]
[EventCountry "CAN"]
[EventCategory "8"]
[SourceTitle "CBM 101 Extra"]
[Source "ChessBase"]
[SourceDate "2004.09.01"]
[SourceVersion "2"]
[SourceVersionDate "2004.09.01"]
[SourceQuality "1"]

1. d4 Nf6 2. Nf3 g6 3. Nc3 d5 4. Bf4 Bg7 5. e3 O-O 6. Be2 c6 7. Ne5 Nfd7 8. Nd3 f6 9. Bg3 e5 10. O-O Na6 11. dxe5 fxe5 12. e4 d4 13. Nb1 Nac5 14. Nd2 Nxd3 15. cxd3 Kh8 16. b4 Qe7 17. Rb1 a5 18. b5 cxb5 19. Rxb5 b6 20. Rb1 Ba6 21. Qa4 Rac8 22. Rfc1 Rc3 23. Nc4 Nc5 24. Qc6 Rf6 25. Qa8+ 1/2-1/2

[Event "Montreal-B"]
[Site "Montreal CAN"]
[Date "2004.08.09"]
[Round "6"]
[White "Divljan, Igor"]
[Black "Tseitlin, Mark D"]
[Result "1-0"]
[WhiteElo "2317"]
[BlackElo "2484"]
[PlyCount "75"]
[GameId "2160767911094688"]
[EventDate "2004.08.04"]
[EventType "tourn"]
[EventRounds "11"]
[EventCountry "CAN"]
[EventCategory "8"]
[SourceTitle "CBM 101 Extra"]
[Source "ChessBase"]
[SourceDate "2004.09.01"]
[SourceVersion "2"]
[SourceVersionDate "2004.09.01"]
[SourceQuality "1"]

1. d4 Nf6 2. c4 g6 3. Nc3 Bg7 4. e4 d6 5. f4 O-O 6. Nf3 c5 7. dxc5 Qa5 8. Bd3 Qxc5 9. Qe2 Nc6 10. Be3 Qa5 11. Rc1 Be6 12. a3 Rac8 13. h3 Nh5 14. Qf2 Bh6 15. f5 Nf4 16. Bf1 gxf5 17. Qg3+ Kh8 18. Bxf4 Rg8 19. Qh4 fxe4 20. Bxh6 exf3 21. gxf3 Rg6 22. Be3 f6 23. Kf2 Ne5 24. Qe4 Bd7 25. Be2 Bc6 26. Qd4 Bxf3 27. Bxf3 Nxf3 28. Kxf3 Qh5+ 29. Kf2 e5 30. Qe4 f5 31. Qf3 Qh4+ 32. Ke2 Qxc4+ 33. Kd2 f4 34. Bf2 Qb3 35. Rc2 Rc4 36. Rg1 Rxg1 37. Bxg1 Rc6 38. Kc1 1-0

[Event "Montreal-B"]
[Site "Montreal CAN"]
[Date "2004.08.09"]
[Round "6"]
[White "Stripunsky, Alexander"]
[Black "Garcia, Gildardo"]
[Result "1/2-1/2"]
[WhiteElo "2553"]
[BlackElo "2461"]
[PlyCount "163"]
[GameId "2160767911094691"]
[EventDate "2004.08.04"]
[EventType "tourn"]
[EventRounds "11"]
[EventCountry "CAN"]
[EventCategory "8"]
[SourceTitle "CBM 101 Extra"]
[Source "ChessBase"]
[SourceDate "2004.09.01"]
[SourceVersion "2"]
[SourceVersionDate "2004.09.01"]
[SourceQuality "1"]

1. c4 Nf6 2. Nc3 e6 3. e4 Nc6 4. Nf3 d5 5. e5 d4 6. exf6 dxc3 7. bxc3 Qxf6 8. Bd3 e5 9. O-O Bf5 10. Bxf5 Qxf5 11. d4 O-O-O 12. Be3 Bd6 13. Rb1 e4 14. Nd2 Rhe8 15. Rb5 Qd7 16. Qb1 f5 17. Bg5 b6 18. Bxd8 Kxd8 19. c5 Bf4 20. Nc4 a6 21. Rb2 b5 22. Ne3 Bg5 23. f4 exf3 24. Nxf5 g6 25. Ng3 Be3+ 26. Kh1 fxg2+ 27. Rxg2 Qd5 28. Re1 Na5 29. Qd3 Nc4 30. Nf1 Qf3 31. Qe2 Qd5 32. Qg4 Rf8 33. Nxe3 Nxe3 34. Qg5+ Qxg5 35. Rxg5 Nf5 36. Rg2 Ne7 37. Rge2 Nd5 38. c6 Nxc3 39. Rd2 Re8 40. Rxe8+ Kxe8 41. d5 Ke7 42. Kg2 Kd6 43. Kf3 b4 44. Ke3 Nb5 45. Rd3 a5 46. Kd2 Nc3 47. Ke3 Nb5 48. h4 a4 49. Rd2 a3 50. Kd3 Kxd5 51. Rf2 Nd4 52. Rf7 Nxc6 53. Rd7+ Kc5 54. Kc2 Nd4+ 55. Kb1 c6 56. Rxh7 Nf3 57. Rh8 Kd5 58. Rd8+ Ke4 59. Rd6 Nxh4 60. Rxc6 Kd3 61. Rd6+ Kc3 62. Rc6+ Kd3 63. Rd6+ Kc3 64. Re6 Nf5 65. Rc6+ Kd3 66. Rxg6 Nd4 67. Rg3+ Kc4 68. Rg4 Kc3 69. Rh4 Kd3 70. Rh3+ Kc4 71. Kc1 Ne2+ 72. Kc2 Nd4+ 73. Kb1 Nb5 74. Rh4+ Nd4 75. Rh8 Nb5 76. Rc8+ Kd3 77. Rd8+ Nd4 78. Rb8 Kc3 79. Rb7 Kc4 80. Rc7+ Kd3 81. Rc8 Nb5 82. Rd8+ 1/2-1/2

[Event "Montreal-B"]
[Site "Montreal CAN"]
[Date "2004.08.09"]
[Round "6"]
[White "Teplitsky, Yan"]
[Black "Barbeau, Sylvain"]
[Result "1/2-1/2"]
[WhiteElo "2440"]
[BlackElo "2404"]
[PlyCount "71"]
[GameId "2160767911094692"]
[EventDate "2004.08.04"]
[EventType "tourn"]
[EventRounds "11"]
[EventCountry "CAN"]
[EventCategory "8"]
[SourceTitle "CBM 101 Extra"]
[Source "ChessBase"]
[SourceDate "2004.09.01"]
[SourceVersion "2"]
[SourceVersionDate "2004.09.01"]
[SourceQuality "1"]

1. Nf3 Nf6 2. c4 g6 3. Nc3 d5 4. cxd5 Nxd5 5. g3 Bg7 6. Bg2 O-O 7. O-O Nc6 8. Ng5 e6 9. d3 h6 10. Nge4 b6 11. Nxd5 exd5 12. Nc3 Be6 13. Bf4 Nd4 14. e3 g5 15. Bxc7 Qxc7 16. exd4 Bxd4 17. Nxd5 Bxd5 18. Bxd5 Rad8 19. Qf3 Qe5 20. Bc4 Bxb2 21. Rae1 Qf6 22. Qb7 Bd4 23. Re7 Kg7 24. Kg2 Rde8 25. Re4 Rxe4 26. dxe4 Re8 27. f4 Qe7 28. Qxe7 Rxe7 29. Kf3 g4+ 30. Kxg4 Rxe4 31. Kf5 Re7 32. Rd1 Bf6 33. Rd6 Rc7 34. Bb3 Be7 35. Rd3 b5 36. Rd5 1/2-1/2

[Event "Montreal-B"]
[Site "Montreal CAN"]
[Date "2004.08.11"]
[Round "7"]
[White "Garcia, Gildardo"]
[Black "Mikhalevski, Victor"]
[Result "0-1"]
[WhiteElo "2461"]
[BlackElo "2551"]
[PlyCount "138"]
[GameId "2160767911094694"]
[EventDate "2004.08.04"]
[EventType "tourn"]
[EventRounds "11"]
[EventCountry "CAN"]
[EventCategory "8"]
[SourceTitle "CBM 101 Extra"]
[Source "ChessBase"]
[SourceDate "2004.09.01"]
[SourceVersion "2"]
[SourceVersionDate "2004.09.01"]
[SourceQuality "1"]

1. e4 e5 2. Nf3 Nc6 3. Bb5 a6 4. Ba4 Nf6 5. O-O Nxe4 6. d4 b5 7. Bb3 d5 8. dxe5 Be6 9. Nbd2 Nc5 10. c3 d4 11. Ng5 Qxg5 12. Qf3 O-O-O 13. Bxe6+ fxe6 14. Qxc6 Qxe5 15. b4 Qd5 16. Qxd5 exd5 17. bxc5 dxc3 18. Nb3 d4 19. Ba3 g6 20. Bb4 Bg7 21. a4 d3 22. axb5 d2 23. bxa6 c2 24. Nxd2 Bxa1 25. Rxa1 Rhe8 26. c6 Kb8 27. Rc1 Re4 28. Bc3 Rc4 29. Rxc2 Rd3 30. Rb2+ Ka8 31. Ba5 Rc1+ 32. Nf1 Rdd1 33. g3 Rxf1+ 34. Kg2 Rg1+ 35. Kh3 Rxc6 36. Re2 Ra1 37. Re5 Ka7 38. Bd2 Kxa6 39. Re7 h5 40. Bf4 Kb7 41. Kh4 Kc8 42. h3 Ra4 43. Re5 Raa6 44. Kg5 Re6 45. Rc5 Rac6 46. Rd5 Rb6 47. Be3 c6 48. Rd1 Rb5+ 49. Kh6 Rd5 50. Ra1 c5 51. Ra5 Rc6 52. g4 h4 53. g5 Kb7 54. Kg7 Rd7+ 55. Kh6 c4 56. Ra7+ Kc8 57. Ra8+ Kc7 58. Rg8 Rd3 59. Rxg6 Rxg6+ 60. Kxg6 Rxe3 61. fxe3 c3 62. Kh7 c2 63. g6 c1=Q 64. g7 Qc2+ 65. Kh8 Qc3 66. Kh7 Qd3+ 67. Kh8 Qxe3 68. g8=Q Qe5+ 69. Kh7 Qh5+ 0-1

[Event "Montreal-B"]
[Site "Montreal CAN"]
[Date "2004.08.11"]
[Round "7"]
[White "Krnan, Tomas"]
[Black "Stripunsky, Alexander"]
[Result "0-1"]
[WhiteElo "2331"]
[BlackElo "2553"]
[PlyCount "300"]
[GameId "2160767911094695"]
[EventDate "2004.08.04"]
[EventType "tourn"]
[EventRounds "11"]
[EventCountry "CAN"]
[EventCategory "8"]
[SourceTitle "CBM 101 Extra"]
[Source "ChessBase"]
[SourceDate "2004.09.01"]
[SourceVersion "2"]
[SourceVersionDate "2004.09.01"]
[SourceQuality "1"]

1. e4 c5 2. Nf3 e6 3. d4 cxd4 4. Nxd4 a6 5. Bd3 Qc7 6. O-O Nf6 7. Re1 Bd6 8. h3 Nc6 9. Nf3 h6 10. Nbd2 e5 11. Nc4 Bc5 12. a4 d6 13. c3 Be6 14. b4 Ba7 15. Be3 O-O 16. Rc1 Bxe3 17. Nxe3 Rad8 18. Nh4 Ne7 19. c4 a5 20. Nd5 Bxd5 21. cxd5 Qb6 22. bxa5 Qxa5 23. Qb3 Rb8 24. Qb5 Qd8 25. Nf3 Nd7 26. Nd2 b6 27. Nb3 Nc5 28. Qc4 f5 29. Nxc5 bxc5 30. exf5 Nxf5 31. Bxf5 Rxf5 32. Rb1 Ra8 33. Rb5 Qf6 34. f3 Rg5 35. Qe4 Rf8 36. Kh1 Rf5 37. Qc2 Qf7 38. Qd3 c4 39. Qe2 Rf4 40. Rc1 Qc7 41. Rc3 Rd4 42. Rb4 Rc8 43. Qc2 Kh8 44. Qc1 e4 45. Qg1 Rxd5 46. Rbxc4 Qxc4 47. Rxc4 Rxc4 48. fxe4 Rxe4 49. Qb1 Rde5 50. Qb8+ Re8 51. Qxd6 Rxa4 52. Qc6 Rea8 53. Kh2 R4a5 54. h4 Rf8 55. Qd6 Raf5 56. Kh3 R5f6 57. Qd5 Re8 58. Qd4 Rfe6 59. Qd7 Re3+ 60. Kh2 R3e4 61. Kh3 Rb8 62. Qd5 Re3+ 63. Kh2 Reb3 64. Qc6 R3b5 65. Qf3 h5 66. Qe2 Rf5 67. Qe4 Rbf8 68. Kh3 g6 69. Qd4+ Kh7 70. Qd7+ R8f7 71. Qe6 Rf4 72. Qe8 Rb7 73. Qe6 Rff7 74. Qd5 Rbe7 75. Qd6 Re3+ 76. Kh2 Re4 77. Kh3 Ra7 78. Qc5 Rd7 79. Qc2 Re1 80. Kh2 Re3 81. Qf2 Re4 82. Qf6 Re3 83. Qf4 Rde7 84. Qf8 Rb7 85. Qf4 Ree7 86. Qf6 Rf7 87. Qe6 Rbe7 88. Qc4 Rc7 89. Qe6 Rf4 90. Qe1 Rd7 91. Kh3 Rg4 92. Qf2 Kg7 93. Qe3 Rgd4 94. Qe5+ Kf7 95. Qh8 R7d6 96. Qh7+ Kf6 97. Qh8+ Kf5 98. Qf8+ Ke4 99. Qf3+ Ke5 100. Qg3+ Kf5 101. Qg5+ Ke4 102. Qe7+ Kd3 103. Qe1 Kc2 104. Qe2+ Kc3 105. Qe1+ Kb2 106. Qe2+ Kb3 107. Qb5+ Kc3 108. Qc5+ Kd2 109. Qa5+ Kd1 110. Qa1+ Ke2 111. Qb2+ Ke3 112. Qc1+ Kf2 113. Qc5 Kg1 114. g3 Kf1 115. Qc1+ Ke2 116. Qc2+ Ke3 117. Qc1+ Ke4 118. Qc2+ Ke5 119. Qc5+ Kf6 120. Qc3 Rd7 121. Qf3+ Kg7 122. Qe3 Rd2 123. Qe5+ Kh7 124. Qf6 Re2 125. Qf3 Rde7 126. Qf6 Re1 127. Qf8 Rd7 128. Qf6 Ree7 129. Qf3 Rf7 130. Qe2 Rde7 131. Qd2 Rf1 132. Kg2 Rfe1 133. Kf2 Rb1 134. Qd5 Rb2+ 135. Kf3 Ra7 136. Qc4 Ra3+ 137. Ke4 Rb7 138. Qc6 Rab3 139. Qf6 Rxg3 140. Kd5 Rg4 141. Kc5 Rgb4 142. Qd8 Rf4 143. Kc6 Rbf7 144. Kb6 R4f5 145. Kc6 R7f6+ 146. Kb7 Rf8 147. Qd1 R5f6 148. Qd5 Rg8 149. Qc5 Rg7+ 150. Kb8 Rff7 0-1

[Event "Montreal-B"]
[Site "Montreal CAN"]
[Date "2004.08.11"]
[Round "7"]
[White "Tseitlin, Mark D"]
[Black "Krush, Irina"]
[Result "1-0"]
[WhiteElo "2484"]
[BlackElo "2459"]
[PlyCount "65"]
[GameId "2160767911094698"]
[EventDate "2004.08.04"]
[EventType "tourn"]
[EventRounds "11"]
[EventCountry "CAN"]
[EventCategory "8"]
[SourceTitle "CBM 101 Extra"]
[Source "ChessBase"]
[SourceDate "2004.09.01"]
[SourceVersion "2"]
[SourceVersionDate "2004.09.01"]
[SourceQuality "1"]

1. e4 c5 2. Nf3 e6 3. d4 cxd4 4. Nxd4 a6 5. Nc3 Qc7 6. Be2 b5 7. O-O Bb7 8. Bf3 Nc6 9. Re1 Bd6 10. g3 Nxd4 11. Qxd4 Be5 12. Qd3 Rc8 13. a3 Ne7 14. Bd2 O-O 15. Bg2 d5 16. exd5 Nxd5 17. Nxd5 Bxd5 18. Bxd5 exd5 19. c3 Rfd8 20. Be3 Rb8 21. Rad1 a5 22. Bg5 f6 23. Rxe5 fxe5 24. Bxd8 Rxd8 25. Qxb5 Qd6 26. Qxa5 d4 27. Qb5 Kh8 28. cxd4 exd4 29. Qd3 Qd5 30. b4 h6 31. a4 Qa2 32. a5 Rd6 33. Re1 1-0

[Event "Montreal-B"]
[Site "Montreal CAN"]
[Date "2004.08.12"]
[Round "8"]
[White "Garcia, Gildardo"]
[Black "Krnan, Tomas"]
[Result "0-1"]
[WhiteElo "2461"]
[BlackElo "2331"]
[PlyCount "94"]
[GameId "2160767911094700"]
[EventDate "2004.08.04"]
[EventType "tourn"]
[EventRounds "11"]
[EventCountry "CAN"]
[EventCategory "8"]
[SourceTitle "CBM 101 Extra"]
[Source "ChessBase"]
[SourceDate "2004.09.01"]
[SourceVersion "2"]
[SourceVersionDate "2004.09.01"]
[SourceQuality "1"]

1. e4 e5 2. Nf3 Nc6 3. Bb5 a6 4. Ba4 Nf6 5. O-O Be7 6. Re1 b5 7. Bb3 d6 8. c3 O-O 9. h3 Na5 10. Bc2 c5 11. d4 Qc7 12. Nbd2 cxd4 13. cxd4 Nc6 14. Nb3 a5 15. Be3 a4 16. Nbd2 Bd7 17. a3 Rfe8 18. Bd3 Qb7 19. Qe2 Rab8 20. Rac1 exd4 21. Nxd4 Ne5 22. Bb1 Bd8 23. f3 Ng6 24. Qf2 Nh5 25. Nf1 Bf6 26. Red1 Ngf4 27. Ne2 Be5 28. Nxf4 Nxf4 29. Qd2 g5 30. Bf2 b4 31. Ne3 bxa3 32. bxa3 Be6 33. Nc4 Bxc4 34. Rxc4 Rec8 35. Rxc8+ Qxc8 36. Be3 Rb2 37. Bxf4 Rxd2 38. Bxd2 Qc5+ 39. Kh1 h6 40. Bb4 Qf2 41. Bd3 Qg3 42. Kg1 Qh2+ 43. Kf2 Bd4+ 44. Ke1 Qxg2 45. Be2 Qg1+ 46. Kd2 Qe3+ 47. Ke1 Bc3+ 0-1

[Event "Montreal-B"]
[Site "Montreal CAN"]
[Date "2004.08.12"]
[Round "8"]
[White "Mikhalevski, Victor"]
[Black "Divljan, Igor"]
[Result "1-0"]
[WhiteElo "2551"]
[BlackElo "2317"]
[PlyCount "83"]
[GameId "2160767911094702"]
[EventDate "2004.08.04"]
[EventType "tourn"]
[EventRounds "11"]
[EventCountry "CAN"]
[EventCategory "8"]
[SourceTitle "CBM 101 Extra"]
[Source "ChessBase"]
[SourceDate "2004.09.01"]
[SourceVersion "2"]
[SourceVersionDate "2004.09.01"]
[SourceQuality "1"]

1. d4 Nf6 2. c4 e6 3. g3 d5 4. Bg2 dxc4 5. Nf3 Nc6 6. O-O Rb8 7. Nc3 Bb4 8. e3 O-O 9. Qe2 b5 10. Rd1 Nd5 11. Bd2 Be7 12. e4 Nxc3 13. bxc3 Na5 14. h4 Bb7 15. Ng5 h6 16. Nh3 c5 17. dxc5 Qc8 18. Bf4 Ra8 19. Bd6 Bxd6 20. cxd6 e5 21. Qe3 Qc6 22. Rd5 Rfd8 23. Rad1 f6 24. f4 Qa6 25. R5d2 Qb6 26. Qxb6 axb6 27. Nf2 b4 28. cxb4 Nc6 29. fxe5 fxe5 30. Bf1 b5 31. Rd5 Nd4 32. R1xd4 exd4 33. Rxb5 Ba6 34. Bxc4+ Kh8 35. e5 Bxb5 36. Bxb5 Rxa2 37. Ne4 Rb8 38. e6 Ra1+ 39. Kf2 Kg8 40. d7 Kf8 41. Nd6 Ra2+ 42. Ke1 1-0

[Event "Montreal-B"]
[Site "Montreal CAN"]
[Date "2004.08.12"]
[Round "8"]
[White "Stripunsky, Alexander"]
[Black "Barbeau, Sylvain"]
[Result "1-0"]
[WhiteElo "2553"]
[BlackElo "2404"]
[PlyCount "87"]
[GameId "2160767911094703"]
[EventDate "2004.08.04"]
[EventType "tourn"]
[EventRounds "11"]
[EventCountry "CAN"]
[EventCategory "8"]
[SourceTitle "CBM 101 Extra"]
[Source "ChessBase"]
[SourceDate "2004.09.01"]
[SourceVersion "2"]
[SourceVersionDate "2004.09.01"]
[SourceQuality "1"]

1. e4 e5 2. Nf3 Nc6 3. Bb5 Nf6 4. O-O Bc5 5. c3 O-O 6. d4 Bb6 7. dxe5 Nxe4 8. Qd5 Nc5 9. Bf4 Ne7 10. Qd1 Ne6 11. Bg3 Nf5 12. Na3 Bc5 13. Nc2 d5 14. Qd2 c6 15. Bd3 Nxg3 16. hxg3 f6 17. Rae1 Bd7 18. Ncd4 Re8 19. Nxe6 Rxe6 20. Qc2 g6 21. c4 Qf8 22. Qb3 Rae8 23. Qxb7 Bc8 24. Qb3 d4 25. exf6 Qxf6 26. Qa4 Rxe1 27. Rxe1 Rxe1+ 28. Nxe1 Qe7 29. Nf3 Bd7 30. a3 Bb6 31. Qc2 c5 32. Be4 Kg7 33. Kf1 Ba5 34. Qd3 Qf6 35. Ng1 Qb6 36. b3 Bc3 37. Qc2 Qa5 38. Ne2 Ba1 39. a4 Qb4 40. Nf4 Qa3 41. Kg1 Be8 42. Bd5 Bc3 43. Qe4 Qc1+ 44. Kh2 1-0

[Event "Montreal-B"]
[Site "Montreal CAN"]
[Date "2004.08.12"]
[Round "8"]
[White "Teplitsky, Yan"]
[Black "Tseitlin, Mark D"]
[Result "1/2-1/2"]
[WhiteElo "2440"]
[BlackElo "2484"]
[PlyCount "115"]
[GameId "2160767911094704"]
[EventDate "2004.08.04"]
[EventType "tourn"]
[EventRounds "11"]
[EventCountry "CAN"]
[EventCategory "8"]
[SourceTitle "CBM 101 Extra"]
[Source "ChessBase"]
[SourceDate "2004.09.01"]
[SourceVersion "2"]
[SourceVersionDate "2004.09.01"]
[SourceQuality "1"]

1. Nf3 Nf6 2. c4 g6 3. Nc3 d5 4. cxd5 Nxd5 5. Qa4+ Bd7 6. Qh4 Nf6 7. e4 Bg4 8. Ng5 Nc6 9. Bb5 Qd6 10. f4 e5 11. f5 Bh5 12. O-O Be7 13. Qg3 h6 14. Nf3 Bxf3 15. Rxf3 O-O-O 16. Bxc6 Qxc6 17. fxg6 fxg6 18. d3 Bc5+ 19. Kh1 Nd7 20. Bd2 Kb8 21. Rc1 Qe6 22. h3 c6 23. b3 Ka8 24. Rcf1 Be7 25. Ne2 h5 26. Bc3 Rhf8 27. Rxf8 Bxf8 28. Qf3 Qd6 29. Qg3 a6 30. Rf3 Be7 31. Rf7 Qe6 32. Rg7 g5 33. Qf3 Bf6 34. Rg6 h4 35. Bd2 Qe7 36. Qf5 Rf8 37. Bxg5 Bxg5 38. Qxg5 Qxg5 39. Rxg5 Rf2 40. Ng1 Rxa2 41. Nf3 Rb2 42. Nxh4 Rxb3 43. Nf3 a5 44. d4 exd4 45. Rxa5+ Kb8 46. Nxd4 Rb4 47. Nf3 Rxe4 48. g4 b5 49. Ra2 b4 50. g5 c5 51. g6 b3 52. g7 Nf6 53. Ra6 Ng8 54. Rb6+ Kc7 55. Rxb3 Re7 56. Ng5 Kc6 57. Rb8 Rxg7 58. Rc8+ 1/2-1/2

[Event "Montreal-B"]
[Site "Montreal CAN"]
[Date "2004.08.13"]
[Round "9"]
[White "Krnan, Tomas"]
[Black "Mikhalevski, Victor"]
[Result "0-1"]
[WhiteElo "2331"]
[BlackElo "2551"]
[PlyCount "86"]
[GameId "2160767911094707"]
[EventDate "2004.08.04"]
[EventType "tourn"]
[EventRounds "11"]
[EventCountry "CAN"]
[EventCategory "8"]
[SourceTitle "CBM 101 Extra"]
[Source "ChessBase"]
[SourceDate "2004.09.01"]
[SourceVersion "2"]
[SourceVersionDate "2004.09.01"]
[SourceQuality "1"]

1. e4 e5 2. Nf3 Nc6 3. Bb5 a6 4. Ba4 Nf6 5. O-O Nxe4 6. d4 b5 7. Bb3 d5 8. dxe5 Be6 9. c3 Bc5 10. Nbd2 O-O 11. Bc2 f5 12. Nb3 Bb6 13. Nbd4 Nxd4 14. Nxd4 Bxd4 15. cxd4 f4 16. f3 Ng3 17. hxg3 fxg3 18. Qd3 Bf5 19. Qxf5 Rxf5 20. Bxf5 Qh4 21. Bh3 Qxd4+ 22. Kh1 Qxe5 23. Bd2 Qxb2 24. Bf4 d4 25. Bxg3 c5 26. Rae1 d3 27. Be6+ Kh8 28. Bd5 Rf8 29. Bd6 Qd4 30. Bxf8 Qxd5 31. Bd6 h6 32. Bf4 c4 33. Re8+ Kh7 34. Re5 Qd8 35. g3 c3 36. Ree1 d2 37. Rd1 Qd3 38. Bxd2 c2 39. Rc1 Qxd2 40. f4 b4 41. f5 a5 42. Rce1 a4 43. f6 gxf6 0-1

[Event "Montreal-B"]
[Site "Montreal CAN"]
[Date "2004.08.13"]
[Round "9"]
[White "Lawson, Eric"]
[Black "Teplitsky, Yan"]
[Result "1/2-1/2"]
[WhiteElo "2276"]
[BlackElo "2440"]
[PlyCount "32"]
[GameId "2160767911094708"]
[EventDate "2004.08.04"]
[EventType "tourn"]
[EventRounds "11"]
[EventCountry "CAN"]
[EventCategory "8"]
[SourceTitle "CBM 101 Extra"]
[Source "ChessBase"]
[SourceDate "2004.09.01"]
[SourceVersion "2"]
[SourceVersionDate "2004.09.01"]
[SourceQuality "1"]

1. e4 c5 2. Nf3 d6 3. d4 cxd4 4. Nxd4 Nf6 5. Nc3 Nc6 6. Bc4 Bd7 7. O-O g6 8. Nb3 Bg7 9. Re1 a5 10. a4 Rc8 11. Bb5 Nb4 12. Re2 O-O 13. Nd5 Bc6 14. Nxf6+ Bxf6 15. c3 Na6 16. Bh6 Re8 1/2-1/2